[Event "To Bind or Not to Bind"]
[Site "SchemingMind.com"]
[Date "2008.02.20"]
[Round "-"]
[White "Rotceh"]
[Black "mmccaffe"]
[Result "1-0"]
[WhiteCountry "MEX"]
[BlackCountry "USA"]
[WhiteElo "1569"]
[WhiteRD "66"]
[BlackElo "1606"]
[BlackRD "57"]
[GameID "142382"]

1. e4 e5 2. Nf3 Nc6 3. d4 exd4 4. Nxd4 Nxd4 5. Qxd4 Qf6 6. Be3 Qxd4= 7. Bxd4 Nf6 8. Bxf6 gxf6 9. Bc4 Bh6 10. Nc3 c6
11. O-O b5 12. Bb3 b4 13. Ne2 Ba6 14. Rfe1 Bxe2 15. Rxe2 O-O 16. Rd1 Rfd8 17. g3 a5 18. f4 d5 19. exd5 cxd5 20. Bxd5 Rac8
21. c4 Bf8 22. Red2 Rd6 23. Bxf7+
1-0

[Event "To Bind or Not to Bind"]
[Site "SchemingMind.com"]
[Date "2008.02.20"]
[Round "-"]
[White "cnbcad"]
[Black "Rotceh"]
[Result "1-0"]
[WhiteCountry "USA"]
[BlackCountry "MEX"]
[WhiteElo "1635"]
[WhiteRD "50"]
[BlackElo "1619"]
[BlackRD "70"]
[GameID "142384"]

1. e4 e5 2. Nf3 Nf6 3. Nxe5 d6 4. Nf3 Nxe4 5. Bd3 d5 6. O-O Bc5 7. Qe2 Qe7 8. b3 O-O 9. Nc3 Bg4 10. Nxd5 Qe5
11. Nxe5 Bxe2 12. Bxe2 Bd6 13. Nc4 Nd7 14. Nxd6
1-0

[Event "To Bind or Not to Bind"]
[Site "SchemingMind.com"]
[Date "2008.02.17"]
[Round "-"]
[White "AaronB"]
[Black "Rotceh"]
[Result "0-1"]
[WhiteCountry "USA"]
[BlackCountry "MEX"]
[WhiteElo "1714"]
[WhiteRD "65"]
[BlackElo "1619"]
[BlackRD "70"]
[GameID "142385"]

1. e4 e5 2. f4 Bc5 3. Nf3 d6 4. Bc4 Nc6 5. Nc3 Nf6 6. d3 Bg4 7. Na4 Nd4 8. Nxc5 dxc5 9. O-O Bxf3 10. Rxf3 Nxf3+
11. Qxf3 O-O 12. fxe5 Qd4+ 13. Kh1 Qxe5 14. c3 Qh5 15. Qf1 Rad8 16. Bf4 c6 17. a4 a6 18. a5 Ne8 19. Be3 Nd6 20. Bb3 Rfe8
21. Bd1 Qe5 22. Bf4 Qf6 23. Qf3 c4 24. e5 Qg6 25. Bc2 Nc8 26. Rd1 cxd3 27. Bxd3 Qe6 28. Qh5 g6 29. Qh6 Nd6 30. Rf1 Nf5
31. Bxf5 Qxf5 32. Kg1 Rd5 33. Be3 Qxe5 34. Bd4 Rxd4 35. cxd4 Qxd4+ 36. Kh1 Qxb2 37. Rxf7 Re1+ 38. Rf1 Rxf1#
0-1

[Event "To Bind or Not to Bind"]
[Site "SchemingMind.com"]
[Date "2008.02.17"]
[Round "-"]
[White "Louis Lima"]
[Black "Rotceh"]
[Result "1/2-1/2"]
[WhiteCountry "ESP"]
[BlackCountry "MEX"]
[WhiteElo "1552"]
[WhiteRD "77"]
[BlackElo "1561"]
[BlackRD "75"]
[GameID "142386"]

1. e4 e5 2. Nf3 Nf6 3. Nxe5 d6 4. Nf3 Nxe4 5. d4 d5 6. Bd3 Be7 7. O-O O-O 8. c4 Nc6 9. h3 Bf6 10. Nc3 Bf5
11. Nxd5 Nxd4 12. Nxd4 Bxd4 13. Bxe4 Bxf2+ 14. Rxf2=
1/2-1/2

[Event "To Bind or Not to Bind"]
[Site "SchemingMind.com"]
[Date "2008.02.20"]
[Round "-"]
[White "Rhel"]
[Black "Rotceh"]
[Result "1/2-1/2"]
[WhiteCountry "GBR"]
[BlackCountry "MEX"]
[WhiteElo "2218"]
[WhiteRD "86"]
[BlackElo "1598"]
[BlackRD "67"]
[GameID "142387"]

1. e4 e5 2. Nf3 Nf6 3. Nxe5 d6 4. Nf3 Nxe4 5. Nc3 Nxc3 6. dxc3 Be7 7. Bc4 O-O 8. O-O Nc6 9. h3 Bf6 10. Re1 Bf5
11. Bd3 Qd7 12. Be3 Ne5 13. Nxe5 Bxe5 14. Qf3 Bg6 15. Bxg6 fxg6 16. Qd5+ Qf7 17. Rad1 Qxd5 18. Rxd5 c6 19. Rd2 a6 20. Rde2 Bf6
21. Bd4 Rf7 22. Re6 d5 23. g3 Bxd4 24. cxd4 Kf8 25. Kg2 Rf6 26. R6e3 Rf7 27. a4 Rd7 28. f4 Kf7 29. Kf3=
1/2-1/2

[Event "To Bind or Not to Bind"]
[Site "SchemingMind.com"]
[Date "2008.02.17"]
[Round "-"]
[White "SLAINTIE MHATH"]
[Black "Rotceh"]
[Result "1-0"]
[WhiteCountry "POL"]
[BlackCountry "MEX"]
[WhiteElo "1653"]
[WhiteRD "49"]
[BlackElo "1545"]
[BlackRD "70"]
[GameID "142388"]

1. Nf3 Nf6 2. g3 b6 3. Bg2 Bb7 4. d3 e6 5. Bg5 Be7 6. O-O O-O 7. Nc3 h6 8. Bf4 d6 9. Qd2 e5 10. Bxh6 gxh6
11. Qxh6 Bxf3 12. Qg5+ Kh8 13. Bxf3 Nh7 14. Qh5 c6 15. Be4
1-0

[Event "To Bind or Not to Bind"]
[Site "SchemingMind.com"]
[Date "2008.02.19"]
[Round "-"]
[White "Schaakmaatje"]
[Black "cnbcad"]
[Result "1-0"]
[WhiteCountry "NED"]
[BlackCountry "USA"]
[WhiteElo "1743"]
[WhiteRD "46"]
[BlackElo "1558"]
[BlackRD "49"]
[GameID "142450"]

1. e4 e5 2. f4 exf4 3. Nf3 d5 4. exd5 Qxd5 5. Nc3 Qe6+ 6. Qe2 Qxe2+ 7. Bxe2 Nf6 8. d4 Bd6 9. O-O Be6 10. Ne5 c5
11. Nb5 a6 12. Nxd6+ Ke7 13. dxc5 Nbd7 14. Nxd7 Nxd7 15. Nxb7 a5 16. Bxf4 Kf8 17. c6 Nb6 18. b3 Bd5 19. Bf3 Bxf3 20. Rxf3 Ke7
21. Re1+ Kf8 22. Bg5 f6 23. c4 h6 24. Be3 Nc8 25. Bc5+ Kf7 26. Nd6+ Nxd6 27. Bxd6 Rhd8 28. c5 Rac8 29. Re7+ Kg8 30. c7 Rf8
31. Rfe3 Kh7 32. Rd7
1-0

[Event "To Bind or Not to Bind"]
[Site "SchemingMind.com"]
[Date "2008.02.18"]
[Round "-"]
[White "Schaakmaatje"]
[Black "AaronB"]
[Result "0-1"]
[WhiteCountry "NED"]
[BlackCountry "USA"]
[WhiteElo "1755"]
[WhiteRD "46"]
[BlackElo "1702"]
[BlackRD "70"]
[GameID "142451"]

1. d4 Nf6 2. Bg5 Ne4 3. Bh4 g5 4. f3 d5 5. fxe4 gxh4 6. exd5 Qxd5 7. e3 Nc6 8. c4 Qg5 9. Qd2 Bh6 10. Ke2 Be6
11. b3 O-O-O 12. Nf3 Bg4 13. h3 Bh5 14. Rg1 Ne5 15. Rh1 c5 16. Nc3 Rxd4
0-1

[Event "To Bind or Not to Bind"]
[Site "SchemingMind.com"]
[Date "2008.02.20"]
[Round "-"]
[White "Schaakmaatje"]
[Black "Rotceh"]
[Result "1-0"]
[WhiteCountry "NED"]
[BlackCountry "MEX"]
[WhiteElo "1743"]
[WhiteRD "46"]
[BlackElo "1561"]
[BlackRD "70"]
[GameID "142453"]

1. e4 e5 2. Nc3 Nf6 3. f4 d5 4. exd5 Nxd5 5. Bc4 Nxf4 6. d3 Nxg2+ 7. Kf1 Nf4 8. Bxf4 exf4 9. Qh5 g6 10. Re1+ Be7
11. Qb5+ Qd7 12. Qe5 Rg8 13. Nd5 Nc6 14. Nf6+
1-0

[Event "To Bind or Not to Bind"]
[Site "SchemingMind.com"]
[Date "2008.02.18"]
[Round "-"]
[White "Schaakmaatje"]
[Black "Rhel"]
[Result "0-1"]
[WhiteCountry "NED"]
[BlackCountry "GBR"]
[WhiteElo "1837"]
[WhiteRD "46"]
[BlackElo "2218"]
[BlackRD "86"]
[GameID "142454"]

1. d4 Nf6 2. Bg5 Ne4 3. Bh4 c5 4. f3 Nf6 5. d5 Qb6 6. e4 d6 7. b3 Nbd7 8. Bc4 Ne5 9. Nc3 Nxc4 10. bxc4 Nd7
11. Rb1 Qa5 12. Ne2 Ne5 13. O-O g6 14. Rb5 Qc7 15. Nf4 a6 16. Rb3 Bh6 17. Bg3 Nxc4 18. Qe2 Ne5 19. Nd1 b5 20. Nh3 Bxh3
21. Bxe5 dxe5 22. gxh3 c4 23. Rb1 Qa5 24. c3 O-O 25. Rf2 Rfd8 26. Qc2 e6 27. dxe6 fxe6 28. Re2 Rf8 29. Kg2 Rad8 30. Nf2 Rf7
31. Ng4 Bg7 32. Rd2 Rdf8 33. Rf1 h5 34. Ne3 Bh6 35. Re2 Rd8 36. Nd1 Rfd7
0-1

[Event "To Bind or Not to Bind"]
[Site "SchemingMind.com"]
[Date "2008.02.18"]
[Round "-"]
[White "Schaakmaatje"]
[Black "SLAINTIE MHATH"]
[Result "1-0"]
[WhiteCountry "NED"]
[BlackCountry "POL"]
[WhiteElo "1743"]
[WhiteRD "46"]
[BlackElo "1655"]
[BlackRD "50"]
[GameID "142455"]

1. d4 c5 2. d5 d6 3. c4 g6 4. e4 Nf6 5. Nc3 Bg7 6. f4 Ng4 7. Nf3 h6 8. Be2 Qa5 9. Bd2 Qd8 10. h3 Bxc3
11. bxc3 Nf6 12. e5 dxe5 13. Nxe5 Ne4 14. Bf3 Bf5 15. Qa4+ Kf8 16. Bxe4 Bxe4 17. O-O e6 18. Qb5 b6 19. Rfe1 f5 20. Nxg6+ Kg7
21. Ne5 exd5 22. cxd5 Bxd5 23. Re3 Kh7 24. Be1 Rg8 25. c4 Bxg2 26. Kh2 Bf1 27. Rc1 Qd4 28. Qb1 Rg2+ 29. Kh1 Qxf4 30. Rg3 Rxg3
31. Bxg3 Qxg3 32. Qxf5+ Kh8 33. Ng6+ Kg7 34. Rxf1 Qxg6 35. Rg1 Qxg1+ 36. Kxg1 Na6 37. Qe5+
1-0

[Event "To Bind or Not to Bind"]
[Site "SchemingMind.com"]
[Date "2008.02.20"]
[Round "-"]
[White "Schaakmaatje"]
[Black "mmccaffe"]
[Result "1-0"]
[WhiteCountry "NED"]
[BlackCountry "USA"]
[WhiteElo "1760"]
[WhiteRD "46"]
[BlackElo "1634"]
[BlackRD "50"]
[GameID "142456"]

1. e4 e6 2. d4 d5 3. Nf3 dxe4 4. Ng5 Nf6 5. Nc3 Bb4 6. Bd2 O-O 7. Ncxe4 Bxd2+ 8. Qxd2 Nxe4 9. Nxe4 Nc6 10. c3 b6
11. Bb5 Bd7 12. O-O a6 13. Bd3 e5 14. d5 Ne7 15. d6 f5 16. dxc7 Qxc7 17. Nd6 Nc8 18. Bc4+ Kh8 19. Nf7+
1-0

[Event "To Bind or Not to Bind"]
[Site "SchemingMind.com"]
[Date "2008.02.23"]
[Round "-"]
[White "cnbcad"]
[Black "Schaakmaatje"]
[Result "0-1"]
[WhiteCountry "USA"]
[BlackCountry "NED"]
[WhiteElo "1635"]
[WhiteRD "50"]
[BlackElo "1739"]
[BlackRD "49"]
[GameID "142459"]

1. e4 e6 2. d4 d5 3. e5 c5 4. c3 Bd7 5. Nf3 Qb6 6. Be2 Bb5 7. a4 Bxe2 8. Qxe2 Nc6 9. O-O cxd4 10. cxd4 Nge7
11. Nbd2 Nf5 12. Ng5 h6 13. Ngf3 Nfxd4 14. a5 Nxe2+
0-1

[Event "To Bind or Not to Bind"]
[Site "SchemingMind.com"]
[Date "2008.02.18"]
[Round "-"]
[White "AaronB"]
[Black "Schaakmaatje"]
[Result "1-0"]
[WhiteCountry "USA"]
[BlackCountry "NED"]
[WhiteElo "1714"]
[WhiteRD "65"]
[BlackElo "1739"]
[BlackRD "49"]
[GameID "142460"]

1. e4 e5 2. Nf3 Nc6 3. Bb5 Nf6 4. O-O a6 5. Ba4 b5 6. Bb3 Bc5 7. a4 Bb7 8. d3 O-O 9. Nc3 b4 10. Nd5 Nxd5
11. Bxd5 d6 12. Bg5 Qd7 13. Nh4 Kh8 14. Nf5 Rab8 15. Qh5 Nd8 16. Qh6 f6 17. Nxg7 Qxg7 18. Qxg7+ Kxg7 19. Bh4 Bxd5 20. exd5 Nf7
21. Kh1 f5 22. f4 Kg6 23. Rf3 Rg8 24. Raf1 Nh6 25. Bg5 Ng4 26. Bh4 Rbf8 27. Rg3 Kh5 28. Rh3 Kg6 29. Rg3 Kh5 30. Rh3 Ne3
31. Bf2+ Kg6 32. Bxe3 Bxe3 33. Rxe3 exf4 34. Rxf4 a5 35. Rc4 Rf7 36. Rg3+
1-0

[Event "To Bind or Not to Bind"]
[Site "SchemingMind.com"]
[Date "2008.02.23"]
[Round "-"]
[White "Rotceh"]
[Black "Schaakmaatje"]
[Result "0-1"]
[WhiteCountry "MEX"]
[BlackCountry "NED"]
[WhiteElo "1509"]
[WhiteRD "74"]
[BlackElo "1768"]
[BlackRD "47"]
[GameID "142462"]

1. e4 c5 2. Nf3 d6 3. Bb5+ Bd7 4. Bxd7+ Qxd7 5. c4 g6 6. d4 Bg7 7. d5 Na6 8. O-O Nf6 9. Nc3 O-O 10. Bf4 Nc7
11. Re1 a6 12. e5 Nh5 13. Qd2 Nxf4 14. Qxf4 b5 15. cxb5 axb5 16. b3 b4 17. Ne4 Nxd5 18. Qg3 dxe5 19. Nxc5 Qb5 20. Na4 Nf4
21. Kh1 Nd3 22. Re4 f5 23. Rc4 Rfd8 24. Ne1 e4 25. Rb1 Rxa4
0-1

[Event "To Bind or Not to Bind"]
[Site "SchemingMind.com"]
[Date "2008.02.23"]
[Round "-"]
[White "Rhel"]
[Black "Schaakmaatje"]
[Result "1/2-1/2"]
[WhiteCountry "GBR"]
[BlackCountry "NED"]
[WhiteElo "2202"]
[WhiteRD "92"]
[BlackElo "1802"]
[BlackRD "48"]
[GameID "142463"]

1. e4 e6 2. d4 d5 3. Nc3 Nf6 4. Bg5 Be7 5. e5 Nfd7 6. Bxe7 Qxe7 7. f4 O-O 8. Nf3 Nc6 9. Qd2 a6 10. Be2 f6
11. O-O Nd8 12. exf6 Nxf6 13. a3 c5 14. Ne5 cxd4 15. Qxd4 Nc6 16. Qe3 Nd7 17. Nxc6 bxc6 18. b4 a5 19. b5 Qd6 20. a4 c5
21. Bf3 Ra7 22. g3 Nb6 23. Qd3 Nc4 24. Nxd5 exd5 25. Qxd5+ Be6 26. Qxd6 Nxd6 27. Rfe1=
1/2-1/2

[Event "To Bind or Not to Bind"]
[Site "SchemingMind.com"]
[Date "2008.02.23"]
[Round "-"]
[White "SLAINTIE MHATH"]
[Black "Schaakmaatje"]
[Result "0-1"]
[WhiteCountry "POL"]
[BlackCountry "NED"]
[WhiteElo "1484"]
[WhiteRD "64"]
[BlackElo "1837"]
[BlackRD "46"]
[GameID "142464"]

1. Nf3 d5 2. c4 d4 3. e3 c5 4. Ne5 Qd6 5. Nd3 e5 6. e4 Nf6 7. h3 Be7 8. f3 Nh5 9. Nf2 Bh4 10. d3 Nc6
11. a3 O-O 12. Be2 Qg6 13. g4 Nf4 14. Bxf4 exf4 15. Rf1 h5 16. Qd2 Qg5 17. Qc2 Ne5 18. Nd2 Bd7 19. O-O-O a6 20. Qb1 b5
21. Nb3 Rac8 22. Na5 Bxf2 23. Rxf2 hxg4 24. hxg4 Rfe8 25. Rh1 g6 26. Nb7 Rc6 27. b3 Kf8 28. cxb5 axb5 29. Rh8+ Ke7 30. Rfh2 Rxh8
31. Rxh8 Nxg4 32. fxg4 f3+ 33. Kb2 fxe2 34. Qe1 Bxg4 35. Na5 Rb6 36. Ra8 f5 37. exf5 Qxf5 38. Qh4+ Ke6 39. Re8+ Kd5 40. Qd8+ Qd7
41. Qg5+ Qf5 42. Qd8+ Qd7 43. Qg5+ Qf5 44. Rd8+ Rd6 45. Rxd6+ Kxd6 46. Qd8+ Ke6 47. Qe8+ Kf6 48. Qd8+ Kg7 49. Qe7+ Kh6 50. Qh4+ Bh5
51. Nc6 Qg4 52. Qe1 Qf4 53. Ne7 Qe3 54. Nd5 Qxd3 55. Qc1+ Kg7
0-1

[Event "To Bind or Not to Bind"]
[Site "SchemingMind.com"]
[Date "2008.02.23"]
[Round "-"]
[White "mmccaffe"]
[Black "Schaakmaatje"]
[Result "1/2-1/2"]
[WhiteCountry "USA"]
[BlackCountry "NED"]
[WhiteElo "1587"]
[WhiteRD "55"]
[BlackElo "1851"]
[BlackRD "48"]
[GameID "142465"]

1. e4 e5 2. Nf3 Nc6 3. Bb5 Nf6 4. O-O d6 5. d3 Bd7 6. c3 Be7 7. h3 h6 8. Nbd2 O-O 9. Re1 a6 10. Ba4 b5
11. Bc2 Nh7 12. Nf1 f5 13. exf5 Bxf5 14. Ng3 Ng5 15. Nxg5 Bxg5 16. Nxf5 Rxf5 17. d4 Rf8 18. Bb3+ Kh8 19. Be3 Bxe3 20. fxe3 Qf6
21. Rf1 Qxf1+ 22. Qxf1 Rxf1+ 23. Rxf1 Re8 24. Bd5 Nd8 25. Bf7 Rf8 26. Bd5 Rxf1+ 27. Kxf1 g5 28. g4 Kg7 29. Ke2 Kf6 30. c4 c6
31. cxb5 axb5 32. Bg2 c5 33. dxc5 dxc5 34. b3 Ne6 35. a4 Nc7 36. Bc6 bxa4 37. bxa4 Ke6 38. Kd3 Kd6 39. Bb5 Kd5 40. Bc4+ Kc6
41. e4 Kb6 42. Bb3 Na6 43. Bc4 Nb4+ 44. Kc3 Nc6 45. Bb5 Nd4 46. Kc4 Ne6 47. Kd5 Nc7+ 48. Kxe5 Nxb5 49. axb5 Kxb5 50. Kd5 Kb4
51. e5 c4 52. e6 c3 53. e7 c2 54. e8=Q c1=Q 55. Qb8+= Ka3 56. Qd6+ Kb3 57. Qb6+ Ka3 58. Qa6+ Kb3 59. Qb6+ Ka3 60. Qa6+ Kb3=
1/2-1/2